| 000 | 00567 a2200157 4500 | ||
|---|---|---|---|
| 999 |
_c10394 _d10394 |
||
| 020 | _a9780495811343 | ||
| 050 | _aBF121. WEI 2011 | ||
| 100 |
_a Weiten, Wayne _d1950- _eauthor |
||
| 245 |
_aConcept charts for study and review to accompany psychology themes and variations, : _b briefer version / |
||
| 250 | _a8th edition | ||
| 264 |
_aBelmont, Calif. : _bWadsworth Cengage Learning, _c ♭2011. |
||
| 300 | _avii, 31 pages : color illustrations ; 28 cm | ||
| 500 | _alncludes index | ||
| 650 | _a Psychology -- Study and teaching. | ||
| 942 |
_2lcc _cBK _h121 _iWEI _kBF |
||